00719nam a2200241 a 4500001001300000003000900013005001700022008004100039020002300080082001300103100002000116245004200136260003700178300000900215500003500224505002400259650001600283700002000299902000800319942000700327952012600334999001700460nice12345678IN_TiNIC20260116014222.0050524s2005 dela grp 000 0 eng  a8183240 c69500a232bJOH aJohnson, Mini S aChristologyb Biblical and Historical aDelhibMittal Publication c2005 a333p aincludes index and biblioraphy2 aBibliography, Index aChristology1 aJohnson, Mini S bSRS cBK 001040708StackRoom-aHMIbHMId2007-06-15g695.00l1o232 JOHp021348r2017-02-08s2017-01-17v695.00w2005-05-24yBK c14381d14381